Famous Battles/ Offensives of WW2 - Statistics

General Stats
  • This quiz has been taken 151 times
  • The average score is 6 of 16
Answer Stats
Hint Answer % Correct
1942-1943. German 6th Army encircled. Battle Of Stalingrad
92%
The Last German major Offensive Battle of the Bulge
84%
Last Major Battle in WW2 Battle Of Berlin
74%
Major Loss for the Japanese Navy Battle of Midway
72%
Air Battle over the English Channel Battle of Britain
62%
Allied Landings in North Africa Operation Torch
49%
Biggest Encirclement in History Battle Of Kiev
48%
An Allied Stronghold Lost to the Japanese, aka 'The Gibraltar Of The East' Battle of Singapore
44%
Ended in a Romanian capture of the city, with Soviets escaping. Siege Of Odessa
23%
First Engagements with US Forces and German Forces Battle of Kasserine Pass
22%
Sinking Of HMS Hood and Bismarck Operation Rheinübung
21%
Forgotten Landings in Southern France Operation Dragoon
17%
German Offensive into Caucasus Case Blue
14%
Allied Breakthrough from Normandy Operation Cobra
11%
German Breakthrough at Ardennes Battle of Sedan
5%
Part Of Operation Citadel, German advance towards Kursk Battle Of Prokhorovka
3%
No matching quizzes found
Score Distribution
Percent of People with Each Score
Percentile by Number Answered
Your Score History
You have not taken this quiz